Państwa produkujące najwięcej oleju kokosowego - Statystyki

Ogólne statystyki
  • Ten quiz został rozwiązany 12 razy
  • Średni wynik to 6 z 10
Statystyki odpowiedzi
Produkcja (w tonach) Państwo % Poprawnych
366 000 Indie
91%
619 000 Indonezja
82%
132 300 Meksyk
73%
997 000 Filipiny
64%
28 700 Tajlandia
64%
168 801 Wietnam
64%
53 500 Malezja
55%
42 000 Papua-Nowa Gwinea
45%
27 700 Mozambik
18%
58 400 Sri Lanka
18%
Nie znaleziono quizów pasujących do podanych kryteriów
Rozkład punktacji
Procent ludzi z każdym wynikiem
Percentyl według liczby udzielonych odpowiedzi
Twoja historia wyników
Nie rozwiązałeś tego quizu